[Young love 2004]

Bibliographic Details
Format: Image
Language:Slovak
PhysicalDescription:1 kalendár ([8] l.) fotogr. 52x34 cm
Published: [Banská Bystrica] Spektrum Grafik [2003]
Subjects:

MARC

LEADER 00000nkm a2200000 a 4500
001 vtls001468648
003 SK-MaSNL
005 20260301073735.0
008 200701s2003 xo g 0| slo
015 |a SNBG2004/01-00423 
035 |a SNK000423953 
040 |a SNK  |b slo  |c SNK  |e AACR2 
041 0 |a slo 
044 |a xo  |c SK 
072 7 |2 konspekt 
080 |a (059)  |2 1981 
080 |a 77.041-53.4/.5(059)"2004"  |2 2. slo 
245 1 |a [Young love 2004]  |h grafika 
260 |a [Banská Bystrica]  |b Spektrum Grafik  |c [2003] 
300 |a 1 kalendár ([8] l.)  |b fotogr.  |c 52x34 cm 
500 |a Tlač obojst. 
650 0 7 |a umelecká fotografia  |2 SNK  |9 29370 
650 0 7 |2 konspekt 
655 7 |a nástenné kalendáre  |2 SNK  |9 70664 
655 7 |a nástenné viaclistové kalendáre  |2 SNK  |9 302208 
958 |a GBN 
999 |c 645039  |d 646969 
952 |t P60, <03>, [BOOK], {603}  |a SNK  |b SNK  |y PREZ  |7 0  |p 17A0414704  |o snkOSA 717  |i snkKSP 2647/2004  |0 0  |1 0  |4 0  |d 2004-02-19  |l 0  |r 2005-01-02 00:00:00  |w 2026-02-23 
952 |t P60, <04>, [BOOK], {604}  |a SNK  |b SNK  |y VYP  |7 0  |p 17A0414705  |o snkOSA 717 D1  |i snkKSP 2648/2004  |0 0  |1 0  |4 0  |d 2004-02-19  |l 0  |r 2005-01-02 00:00:00  |w 2026-02-23